| 000 | 01519nas2a22002651i 4500 | ||
|---|---|---|---|
| 001 | RU\NLR\INFOCOMM55\5000139317 | ||
| 005 | 20240728024101.0 | ||
| 035 | _a(NLR Aleph) 002374533 | ||
| 090 |
_a4582554 _c4582554 |
||
| 100 | _a20041208c1989 |||y0rusy50 ca | ||
| 101 | 0 | _arus | |
| 102 | _aRU | ||
| 110 | _azyuzz 0|y| | ||
| 200 | 1 | _aТеория вероятностей | |
| 210 |
_aМ. _cВИНИТИ _d1989- |
||
| 225 | 0 |
_aСовременные проблемы математики _eФундаментальные направления _fВИНИТИ _x0233-6723 _v... |
|
| 225 | 1 | _aИтоги науки и техники | |
| 300 | _aВ надзаг. также: Гос. ком. СССР по науке и технике, АН СССР | ||
| 461 | 0 |
_1001RU\NLR\INFOCOMM18\1000224200 _12001#$aСовременная математика и ее приложения$eТемат. обзоры$fРос. акад. наук. М-во науки и техн. политики Рос. Федерации Всерос. ин-т науч. и техн. информ. (ВИНИТИ) _94518377 _cМ. _d1985- _fРос. акад. наук. М-во науки и техн. политики Рос. Федерации Всерос. ин-т науч. и техн. информ. (ВИНИТИ) _oТемат. обзоры _tСовременная математика и ее приложения |
|
| 801 | 1 |
_aRU _bInfoComm _c20041208 |
|
| 801 | 0 |
_aRU _bNLR _gPSBO |
|
| 852 |
_aNLR _jП7/2073 |
||
| 942 | _cSE | ||
| 980 | _aRUSPER | ||